| 000 | 00430nam a2200181Ia 4500 | ||
|---|---|---|---|
| 008 | 180207s9999 xx 000 0 und d | ||
| 020 | _a9780007591152 | ||
| 050 | _bA355 2011 | ||
| 100 | _aAlcraft, Rob. | ||
| 245 | _aDubai from the sky / | ||
| 245 | _cRob Alcraft. | ||
| 260 | _aLondon : | ||
| 260 | _bCollins, | ||
| 260 | _c2015 | ||
| 300 | _a23 pages : | ||
| 300 | _bcolor illustration ; | ||
| 440 | _aCollins big cat. | ||
| 999 |
_c355208 _d355208 |
||